Características de las escuelas efectivas del Distrito 10-06 de Santo Domingo, 1998-1999. (Record no. 3795)

MARC details
000 -LEADER
campo de control de longitud fija 02558nam a2200565Ia 4500
001 - NÚMERO DE CONTROL
campo de control 4043
008 - DATOS DE LONGITUD FIJA--INFORMACIÓN GENERAL
campo de control de longitud fija 241029s9999 xx 000 0 und d
010 ## - NÚMERO DE CONTROL DE LA BIBLIOTECA DEL CONGRESO
Número de control de LC 3795
041 ## - CÓDIGO DE IDIOMA
Código de lengua del texto/banda sonora o título independiente Español
082 ## - NÚMERO DE LA CLASIFICACIÓN DECIMAL DEWEY
Número de clasificación ST MA-AE0001FH2001
245 #0 - MENCIÓN DEL TÍTULO
Título Características de las escuelas efectivas del Distrito 10-06 de Santo Domingo, 1998-1999.
260 ## - PUBLICACIÓN, DISTRIBUCIÓN, ETC.
Lugar de publicación, distribución, etc. Santo Domingo
300 ## - DESCRIPCIÓN FÍSICA
Extensión 127
520 ## - RESUMEN, ETC.
Sumario, etc. 50
520 ## - RESUMEN, ETC.
Sumario, etc. El estudio se planteó como objetivo principal, determinar las características de las escuelas efectivas del Nivel Básico, del Distrito 10-06 de Santo Domingo.La metodología utilizada fue de corte descriptivo y comparativo, se empleó como instrumento: un cuestionario para directores, un cuestionario para maestros, un cuestionario para estudiantes y uno para padres y madres. Se trabajó con una población de veinte (20) directores, doscientos (200) maestros, doscientos (200) estudiantes y doscientos (200) padres y/o madres.El estudio determinó, que los centros clasificados de alta efectividad, las condiciones laborales resultaron ser más eficientes. Se observó que en los centros del alta efectividad, unos maestros poseen titulo de Especialidad y otros son Licenciados, el resto son maestros superior normal, lo que evidencia, que la calidad de la enseñanza está íntimamente relacionada con el nivel de conocimiento de los maestros.
630 ## - PUNTO DE ACCESO ADICIONAL DE MATERIA--TÍTULO UNIFORME
Título uniforme Administración Educativa
630 ## - PUNTO DE ACCESO ADICIONAL DE MATERIA--TÍTULO UNIFORME
Título uniforme Desarrollo Institucional
630 ## - PUNTO DE ACCESO ADICIONAL DE MATERIA--TÍTULO UNIFORME
Título uniforme Proceso de Enseñanza-Aprendizaje
650 ## - PUNTO DE ACCESO ADICIONAL DE MATERIA--TÉRMINO DE MATERIA
Término de materia o nombre geográfico como elemento de entrada Administración de la Educación
690 ## - PUNTO DE ACCESO ADICIONAL DE MATERIA LOCAL--TÉRMINO DE MATERIA (OCLC, RLIN)
Término de materia o nombre geográfico como elemento inicial Elaborado
700 ## - ENTRADA AGREGADA--NOMBRE PERSONAL
Término indicativo de función/relación asesor
Nombre de persona Fernando, Ogando
700 ## - ENTRADA AGREGADA--NOMBRE PERSONAL
Término indicativo de función/relación autor
Nombre de persona Mirielis Salcedo, Leonidas María
700 ## - ENTRADA AGREGADA--NOMBRE PERSONAL
Término indicativo de función/relación autor
Nombre de persona Mercedes B., Santo Inocencio
700 ## - ENTRADA AGREGADA--NOMBRE PERSONAL
Término indicativo de función/relación autor
Nombre de persona Moreno Amparo , Jesucita
901 ## - ELEMENTOS DE DATOS A LOCAL LDA (RLIN)
a {"1":"Mirielis Salcedo","2":"Mercedes B.","3":"Moreno Amparo "}
b {"1":"Leonidas María","2":"Santo Inocencio","3":"Jesucita"}
902 ## - ELEMENTOS DE DATOS B LOCAL, LDB (RLIN)
a 1
903 ## - ELEMENTOS DE DATOS C LOCAL, LDC (RLIN)
a {"1":"Fernando"}
b {"1":"Ogando"}
904 ## - ELEMENTOS DE DATOS D LOCAL, LDD (RLIN)
a Maestro en
905 ## - ELEMENTOS DE DATOS E LOCAL, LDE (RLIN)
a Administración de la Educación
906 ## - ELEMENTOS DE DATOS F LOCAL, LDF (RLIN)
a 2
907 ## - ELEMENTOS DE DATOS G LOCAL, LDG (RLIN)
a NO APLICA
908 ## - COLOCAR PARÁMETRO DE COMANDO (RLIN)
Colocar parámetro de comando NO APLICA
909 ## -
-- Universidad Autónoma de Santo Domingo (UASD)
910 ## - DATOS DE OPCIÓN DEL USUARIO (OCLC)
Datos de opción del usuario NULL
-- NULL
911 ## - EQUIVALENCIA O REFERENCIA-CRUZADA-NOMBRE DE CONFERENCIA O REUNIÓN/CONGRESO [LOCAL, CANADÁ]
Nombre de congreso/reunión o jurisdicción como elemento de entrada ["1"]
912 ## -
-- NO APLICA
913 ## -
-- NULL
914 ## -
-- 01 de Agosto de 2001
915 ## -
-- 14/11/19 05:11
916 ## -
-- NULL
917 ## -
-- NULL
918 ## -
-- NO APLICA
919 ## -
-- ["10","59","163"]
921 ## -
-- 12
922 ## -
-- 12
923 ## -
-- 0
924 ## -
-- NO APLICA
942 ## - ELEMENTOS DE ENTRADA SECUNDARIOS (KOHA)
Tipo de ítem Koha

No items available.

© 2024. Todos los Derechos Reservados. Desarrollado por IDEICE